| 000 | 00658nam a22001937a 4500 | ||
|---|---|---|---|
| 999 |
_c61711 _d61711 |
||
| 005 | 20240419150758.0 | ||
| 008 | 240419s2005 enk||||| |||| 00| 0 eng d | ||
| 020 | _a9780721694269x | ||
| 041 | _aeng | ||
| 080 | _a616.13/14-07 M-26 | ||
| 100 |
_aMansour, M. Ashraf _921883 |
||
| 245 |
_aVascular Diagnosis / _c M. Ashraf Mansour, Nicos Labropoulos. |
||
| 264 |
_aPhiladelphia : _bElsevier, _c2005. |
||
| 300 |
_a573 p. : _bill.; _c29 cm. |
||
| 653 | _aსისხლძარღვთა დიაგნოსტიკა | ||
| 653 | _aმედიცინა | ||
| 700 |
_aLabropoulos, Nicos _eავტორი _921884 |
||
| 942 |
_2udc _cᲬᲘᲒᲜᲘ |
||